[Event "DRUZYNOWE MISTRZOSTWA POLSKI - II LIGA 2018"]
[Site "Jastrzebia Gora"]
[Date "1899-12-30"]
[Round "6.101"]
[White "Bielski, Jerzy"]
[Black "Wasik, Roman"]
[Result "0-1"]
[WhiteTitle "I"]
[BlackTitle "II+"]
[WhiteElo "1707"]
[BlackElo "1483"]

1. Nf3 g6 2. d4 d6 3. e4 Bg7 4. c4 Nf6 5. Nc3 O-O 6. Be2 e5 7. O-O Nc6 8. d5 Ne7
9. Ne1 a5 10. Be3 Nd7 11. Nd3 f5 12. f3 f4 13. Bf2 g5 14. c5 Rf6 15. cxd6 cxd6
16. Nb5 b6 17. Rc1 Nc5 18. a3 Bd7 19. Nc3 Rh6 20. b4 Nxd3 21. Qxd3 axb4 22. axb4
Qe8 23. Bxb6 Qh5 24. Rfd1 Qxh2+ 25. Kf1 Qg3 26. Bg1 Rh1 27. Rd2 Bh3 0-1

[Event "DRUZYNOWE MISTRZOSTWA POLSKI - II LIGA 2018"]
[Site "Jastrzebia Gora"]
[Date "1899-12-30"]
[Round "6.102"]
[White "Kozubal, Aleksandra"]
[Black "Kaznowska, Weronika"]
[Result "1-0"]
[WhiteTitle "I++"]
[BlackTitle "I"]
[WhiteElo "1754"]
[BlackElo "1366"]

1. d4 d5 2. c4 e6 3. Nc3 Nf6 4. Bf4 b6 5. e3 Be7 6. Be2 O-O 7. h3 Bb7 8. Nf3 Nbd7
9. O-O c5 10. Rc1 dxc4 11. Bxc4 Rc8 12. Nb5 a6 13. Nd6 Bxd6 14. Bxd6 Re8 15. a4
Ne4 16. Bh2 a5 17. Qe2 Ng5 18. Nxg5 Qxg5 19. Qg4 Qxg4 20. hxg4 Nf6 21. f3 cxd4
22. exd4 Bd5 23. Bb5 Rxc1 24. Rxc1 Ra8 25. Bc7 Bb7 26. Bxb6 Nd5 27. Bc5 g6 28.
Bd6 h6 29. Kf2 Rd8 30. Bc5 Ra8 31. Ba3 Rd8 32. b3 Kg7 33. Rc5 Ra8 34. Bc4 Nb6
35. Bd3 Bd5 36. Be4 Ra7 37. Rb5 Ra6 38. Bd3 Bb7 39. Bc5 Bd5 40. Bxb6 Ra8 41. Be4
Bxe4 42. fxe4 Kf6 43. Rxa5 Rxa5 44. Bxa5 Ke7 45. b4 Kd6 46. b5 Kd7 47. Bb6 Kc8
48. a5 Kb7 49. d5 exd5 50. exd5 Kb8 51. d6 Kb7 52. d7 Kb8 53. d8=Q+ Kb7 54. Qc7+
Ka8 55. Qa7# 1-0

[Event "DRUZYNOWE MISTRZOSTWA POLSKI - II LIGA 2018"]
[Site "Jastrzebia Gora"]
[Date "1899-12-30"]
[Round "6.103"]
[White "Kosiorek, Marek"]
[Black "Maj, Pawel"]
[Result "1/2-1/2"]
[WhiteTitle "m"]
[BlackTitle "k"]
[WhiteElo "2307"]
[BlackElo "2090"]

1. e4 c5 2. Nf3 d6 3. d4 cxd4 4. Nxd4 Nf6 5. Nc3 a6 6. f4 g6 7. Be2 Nbd7 8. g4
Nc5 9. Bf3 e5 10. g5 exd4 11. Qxd4 Bg7 12. gxf6 Bxf6 13. Qe3 Bh4+ 14. Ke2 O-O
15. Rd1 Be6 16. Kf1 Re8 17. Qd4 Bh3+ 18. Kg1 Ne6 19. Qxd6 Be7 20. Qxd8 Bc5+ 21.
Kh1 Rexd8 22. Nd5 f5 23. Be3 Bxe3 24. Nxe3 Nd4 25. Bg2 Bxg2+ 26. Kxg2 fxe4 27.
Rd2 Nf5 28. Rxd8+ Rxd8 29. Nf1 e3 30. Re1 Rd2+ 31. Kh3 Rxc2 32. Nxe3 Nxe3 33.
Rxe3 Rxb2 34. a4 Rb4 35. Re7 Rxf4 36. Rxb7 Rxa4 37. Rb6 g5 38. Kg3 Kg7 39. Kg2
h5 40. h3 Ra3 41. Kh2 a5 42. Rb5 Kg6 43. Kg2 Ra2+ 44. Kg1 g4 45. hxg4 hxg4 46.
Rc5 Kf6 47. Rb5 g3 48. Rb3 g2 49. Rb5 Ke6 50. Rg5 a4 51. Rg4 Kd5 52. Rf4 Kc5 53.
Rg4 Kb5 54. Rg5+ Kc4 55. Rg4+ Kd3 56. Rf4 Ke3 57. Rc4 Ke2 58. Rf4 Kd1 59. Rc4
a3 60. Rc3 Kd2 61. Rf3 Kc1 62. Re3 Kb1 63. Re1+ Kb2 64. Re2+ Kb3 65. Re3+ Kb4
66. Re4+ Kb5 67. Re3 Kc4 68. Rf3 Kd4 69. Rb3 Ra1+ 70. Kxg2 Kc4 71. Rf3 a2 72.
Ra3 1/2-1/2

[Event "DRUZYNOWE MISTRZOSTWA POLSKI - II LIGA 2018"]
[Site "Jastrzebia Gora"]
[Date "1899-12-30"]
[Round "6.104"]
[White "Pajak, Jakub"]
[Black "Myc, Marcin"]
[Result "0-1"]
[WhiteTitle "I++"]
[BlackTitle "m"]
[WhiteElo "1918"]
[BlackElo "2267"]

1. e4 c6 2. d4 d5 3. exd5 cxd5 4. c4 Nf6 5. Nc3 g6 6. Qb3 Bg7 7. cxd5 O-O 8. Be2
Nbd7 9. Bf3 Nb6 10. Bf4 Bf5 11. Nge2 Bd3 12. d6 exd6 13. O-O Re8 14. Rfd1 Bc4
15. Qc2 Rc8 16. Qd2 d5 17. Ng3 Ba6 18. Re1 Nc4 19. Qc2 Qa5 20. Qa4 Qxa4 21. Nxa4
b6 22. b3 Na3 23. Rxe8+ Rxe8 24. Rc1 Ne4 25. Be3 f5 26. Nc3 Nxc3 27. Rxc3 f4 28.
Bxd5+ Kh8 29. Ne4 fxe3 30. fxe3 Nb5 31. Rc2 Bh6 32. Re2 Nxd4 33. exd4 Bxe2 34.
Nd6 Be3+ 35. Kh1 Rf8 0-1

[Event "DRUZYNOWE MISTRZOSTWA POLSKI - II LIGA 2018"]
[Site "Jastrzebia Gora"]
[Date "1899-12-30"]
[Round "6.105"]
[White "Czapla, Andrzej"]
[Black "Sielicki, Tomasz"]
[Result "1-0"]
[WhiteTitle "I"]
[BlackTitle "I++"]
[WhiteElo "1987"]
[BlackElo "1963"]

1. Nf3 d5 2. c4 e6 3. d4 Nf6 4. Nc3 dxc4 5. e3 a6 6. a4 c5 7. Bxc4 Nc6 8. O-O Be7
9. dxc5 Qa5 10. Qe2 O-O 11. e4 Qxc5 12. Be3 Qh5 13. Rfd1 Na5 14. Bd3 Nb3 15. Rab1
Ng4 16. Bb6 Nc5 17. h3 Ne5 18. Nxe5 Qxe5 19. Bc2 Nd7 20. Bd4 Qc7 21. Rbc1 b6 22.
e5 Bb7 23. Nd5 Qd8 24. Qe4 f5 25. Nxe7+ Qxe7 26. Qxb7 Rfd8 27. Bxb6 Qb4 28. Rxd7
Rxd7 29. Qxa8+ 1-0

[Event "DRUZYNOWE MISTRZOSTWA POLSKI - II LIGA 2018"]
[Site "Jastrzebia Gora"]
[Date "1899-12-30"]
[Round "6.106"]
[White "Liberadzki, Slawomir"]
[Black "Lukasik, Adam"]
[Result "1-0"]
[WhiteTitle "k"]
[BlackTitle "I"]
[WhiteElo "1955"]
[BlackElo "1985"]

1. e4 d6 2. d4 Nf6 3. Nc3 e5 4. Nge2 Be7 5. g3 O-O 6. Bg2 Nbd7 7. O-O c6 8. a4
Re8 9. h3 Bf8 10. g4 g6 11. f4 exd4 12. Nxd4 Nc5 13. Re1 Bg7 14. g5 Nfd7 15. Be3
a5 16. Qd2 Qc7 17. Rad1 h6 18. gxh6 Bxh6 19. Nde2 Bf8 20. Ng3 Qd8 21. Bf2 Qf6
22. Bd4 Qh4 23. Bf2 Qh6 24. Be3 Qh7 25. Qf2 Qh4 26. b3 Ne6 27. Nce2 Be7 28. Rf1
Ng7 29. Nd4 Nh5 30. Nxh5 Qxh5 31. Nf3 Nf6 32. e5 Ne4 33. Qe1 dxe5 34. Nxe5 Bb4
35. Bf3 Qxh3 36. Qe2 Nc3 37. Qf2 Nxd1 38. Rxd1 Be6 39. Bd4 Red8 40. Rd3 Qh6 41.
Bg4 c5 42. Bxe6 fxe6 43. Ng4 Qf8 44. Be5 Rxd3 45. cxd3 Kf7 46. Qh4 Qe7 47. Qh7+
Ke8 48. Nf6+ 1-0

[Event "DRUZYNOWE MISTRZOSTWA POLSKI - II LIGA 2018"]
[Site "Jastrzebia Gora"]
[Date "1899-12-30"]
[Round "6.107"]
[White "Kurpiewski, Slawomir"]
[Black "Koziol, Pawel"]
[Result "1/2-1/2"]
[WhiteTitle "k"]
[BlackTitle "I++"]
[WhiteElo "1997"]
[BlackElo "1880"]

1. f4 d5 2. Nf3 g6 3. g3 Bg7 4. Bg2 Nh6 5. O-O O-O 6. d3 d4 7. c3 c5 8. e4 Nc6
9. h3 Qc7 10. c4 f6 11. g4 Nf7 12. Na3 a6 13. Nc2 Rb8 14. a3 Na5 15. Nd2 e5 16.
b4 Nc6 17. f5 cxb4 18. Nxb4 Nxb4 19. axb4 Nd6 20. Nb3 b6 21. Bd2 Rf7 22. Qe2 Bf8
23. Kf2 Bb7 24. Rh1 gxf5 25. gxf5 Rg7 26. Rhg1 Kh8 27. h4 Qf7 28. Bf3 Rxg1 29.
Rxg1 Bg7 30. h5 Qf8 31. Qd1 Bh6 32. Qc1 Nf7 33. Bxh6 Nxh6 34. Qd2 Nf7 35. Rh1
Ng5 36. h6 Qe7 37. Bg2 Rg8 38. Nc1 Nf7 39. Ne2 Rg5 40. Ng1 Qf8 41. Nh3 Rg8 42.
Ng1 Nd6 43. Bf3 Nc8 44. Ne2 Ne7 45. Ng3 Rg5 46. Ne2 Nxf5 47. Ng1 Ne7 48. Nh3 Rg8
49. Rg1 Rxg1 50. Nxg1 Ng8 51. Bg4 Nxh6 52. Be6 Qg7 53. Nf3 Ng4+ 54. Bxg4 Qxg4
55. Qh6 Qg7 56. Qh3 Qf8 57. Qe6 Qd8 58. Qf7 Bc8 59. c5 bxc5 60. bxc5 Bd7 61. Nh4
f5 62. Nf3 fxe4 63. dxe4 d3 64. Qd5 Qe8 65. Nxe5 Be6 66. Qd4 Kg8 67. Nxd3 Qf7+
68. Ke3 Qe7 69. Qe5 Qd7 70. Qb8+ Kg7 71. Qg3+ Kf8 72. Qe5 Bf7 73. Qf6 Qh3+ 74.
Kd4 Qd7+ 75. Kc3 Qc7 76. Qh8+ Bg8 77. Qf6+ Bf7 78. e5 Qa5+ 79. Kd4 Qa1+ 80. Ke3
Qg1+ 81. Kd2 Qg2+ 82. Kc3 Qd5 83. Qxa6 Qb3+ 84. Kd2 Qa2+ 85. Qxa2 Bxa2 86. Nf4
Ke7 87. Ke3 Bf7 88. Kd4 h5 89. Ke4 Kd7 90. Kd4 h4 91. Nh3 Be6 92. Ng5 Bg4 93.
Kd5 h3 1/2-1/2

[Event "DRUZYNOWE MISTRZOSTWA POLSKI - II LIGA 2018"]
[Site "Jastrzebia Gora"]
[Date "1899-12-30"]
[Round "6.108"]
[White "Baranska, Monika"]
[Black "Waszczuk, Patrycja"]
[Result "1/2-1/2"]
[WhiteTitle "I++"]
[BlackTitle "k"]
[WhiteElo "1734"]
[BlackElo "1983"]

1. d4 Nf6 2. c4 e6 3. Nc3 Bb4 4. Nf3 b6 5. e3 Ne4 6. Qc2 Bb7 7. Bd3 f5 8. Bd2 Bxc3
9. Bxc3 O-O 10. h4 Qf6 11. O-O-O Nxc3 12. bxc3 d6 13. Rh2 e5 14. Nd2 c5 15. d5
e4 16. Be2 Qe5 17. Rhh1 Bc8 18. g3 Na6 19. Nb1 Nc7 20. a4 Bd7 21. Rd2 a6 22. Rg1
b5 23. cxb5 axb5 24. axb5 Bxb5 25. Bxb5 Nxb5 26. Qb3 Nc7 27. Rb2 c4 28. Qxc4 Na6
29. Qd4 Nc5 30. Qxe5 Nd3+ 31. Kd2 Nxe5 32. Ke2 Ra5 33. Rd1 Rc8 34. Rb6 Nc4 35.
Rc6 Rxc6 36. dxc6 Rc5 37. Nd2 Nxd2 38. Rxd2 Rxc6 39. c4 Kf7 40. f3 exf3+ 41. Kxf3
Ke6 42. Rd4 Rc5 43. Kf4 h6 44. e4 fxe4 45. Kxe4 Kd7 46. Ke3 Ra5 47. Rg4 g5 48.
Kd4 Re5 49. hxg5 h5 50. Re4 Rxg5 51. Re3 Kc6 52. Rf3 Rg4+ 53. Kc3 Kd7 54. Re3
Rg5 55. Kd4 Kc6 56. Rf3 Re5 57. Re3 Rf5 58. Kc3 Kc5 59. Rd3 Rg5 60. Rf3 Re5 61.
Rd3 Rf5 62. Rd2 Re5 63. Rd3 Kc6 64. Rf3 Kd7 65. Kd4 Ke6 66. Rf8 Rg5 67. Rf3 Rg4+
68. Kd3 Ke5 69. Re3+ Kf6 1/2-1/2

[Event "DRUZYNOWE MISTRZOSTWA POLSKI - II LIGA 2018"]
[Site "Jastrzebia Gora"]
[Date "1899-12-30"]
[Round "7.1"]
[White "Sapis, Witalis"]
[Black "Kislinsky, Alexey"]
[Result "1-0"]
[WhiteTitle "IM"]
[BlackTitle "GM"]
[WhiteElo "2369"]
[BlackElo "2450"]

1. d4 g6 2. Nf3 Bg7 3. e4 c5 4. d5 Nf6 5. Nc3 O-O 6. e5 Ng4 7. Bf4 d6 8. exd6 exd6
9. Be2 Qb6 10. Rb1 Nd7 11. O-O Nge5 12. Qd2 Nxf3+ 13. Bxf3 Ne5 14. Be2 Bf5 15.
Nd1 Rae8 16. Ne3 Bc8 17. b4 cxb4 18. Qxb4 Qc7 19. Qa4 a6 20. Qb4 f5 21. Bd3 b5
22. a4 g5 23. Bxe5 Rxe5 24. axb5 axb5 25. Qxb5 Qf7 26. Qb6 Qh5 27. Qxd6 Ree8 28.
Nc4 Bd4 29. Qc6 f4 30. d6 f3 31. Qd5+ Re6 32. Qxd4 Rh6 33. h4 gxh4 34. Ne3 fxg2
35. Bc4+ Be6 36. Bxe6+ Rxe6 37. Rfd1 Qf7 38. Rd2 h3 39. Qg4+ Kh8 40. Qd4+ Kg8
41. Qg4+ Kh8 42. Qxh3 Rxd6 43. Nxg2 Rf6 44. Rd7 Qg6 45. Rbb7 h6 46. Qg3 1-0

[Event "DRUZYNOWE MISTRZOSTWA POLSKI - II LIGA 2018"]
[Site "Jastrzebia Gora"]
[Date "1899-12-30"]
[Round "7.2"]
[White "Grabarczyk, Miroslaw"]
[Black "Antolak, Julia"]
[Result "1/2-1/2"]
[WhiteTitle "GM"]
[BlackTitle "WFM"]
[WhiteElo "2392"]
[BlackElo "2207"]

1. d4 Nf6 2. c4 g6 3. Nf3 Bg7 4. g3 c6 5. Bg2 O-O 6. Nc3 d5 7. cxd5 cxd5 8. Ne5
Bf5 9. O-O Ne4 10. Bf4 Nc6 11. Nxc6 bxc6 12. Nxe4 Bxe4 13. Qd2 Bxg2 14. Kxg2 Qb6
15. Rfd1 Rfe8 16. Rac1 e5 17. Bxe5 Bxe5 18. dxe5 Rxe5 19. e3 Rb8 20. b3 Re6 21.
Qc3 Qa6 22. Rc2 Rb5 23. Qd4 Re4 24. Qd3 Qb7 25. Rdc1 Re6 26. Rc5 Rxc5 27. Rxc5
Qb4 28. Qc2 d4 29. exd4 Qxd4 30. Qc3 Qxc3 31. Rxc3 Kf8 32. Rc5 Ke8 33. Ra5 Re7
34. Kf3 Rc7 35. Kf4 f6 36. g4 Ke7 37. Ke4 Kd6 38. h4 Re7+ 39. Kd3 Rb7 40. f3 Re7
41. b4 Rb7 42. Kc4 Re7 43. Kd4 Rb7 44. a3 Re7 45. Ra6 Rd7 46. Kc4 Ke5 47. Rxc6
f5 48. Kb5 Kf4 49. gxf5 gxf5 50. Rf6 Kxf3 51. Rxf5+ Kg4 52. Rf8 Kxh4 1/2-1/2

[Event "DRUZYNOWE MISTRZOSTWA POLSKI - II LIGA 2018"]
[Site "Jastrzebia Gora"]
[Date "1899-12-30"]
[Round "7.3"]
[White "Karwowski, Kacper"]
[Black "Sabuk, Piotr"]
[Result "0-1"]
[WhiteTitle "k"]
[BlackTitle "IM"]
[WhiteElo "2164"]
[BlackElo "2386"]

1. e4 e5 2. Nf3 Nc6 3. Bb5 a6 4. Ba4 Nf6 5. O-O Be7 6. d3 b5 7. Bb3 d6 8. a3 Na5
9. Ba2 c5 10. Nc3 Be6 11. Bd2 Bxa2 12. Rxa2 Nc6 13. Bg5 Nd7 14. Qd2 Nb6 15. Raa1
O-O 16. Bxe7 Qxe7 17. a4 b4 18. Nd5 Nxd5 19. exd5 Nb8 20. c3 Nd7 21. cxb4 cxb4
22. Qxb4 Nf6 23. Rfe1 a5 24. Qa3 Nxd5 25. Rac1 Nb4 26. Rc3 Rab8 27. Rec1 Qe6 28.
Rc7 h6 29. h3 Rb6 30. Nd2 Qf5 31. Nc4 Ra6 32. Rd1 Rb8 33. Ne3 Qf4 34. Qc3 Raa8
35. d4 e4 36. d5 Nd3 37. Rd2 Nc5 38. Rd4 Rb3 39. Qd2 Rd3 40. Rxd3 exd3 41. b3
Qd4 42. Qd1 Re8 43. Qf3 Qa1+ 44. Kh2 Qf6 45. Nf5 d2 46. g4 Re1 47. Nxh6+ Kh7 48.
Nxf7 Qxf3 49. Ng5+ Kg6 50. Nxf3 d1=Q 0-1

[Event "DRUZYNOWE MISTRZOSTWA POLSKI - II LIGA 2018"]
[Site "Jastrzebia Gora"]
[Date "1899-12-30"]
[Round "7.4"]
[White "Aliavdin, Nikolai"]
[Black "Rudnicki, Milosz"]
[Result "1-0"]
[WhiteTitle "IM"]
[BlackTitle "k"]
[WhiteElo "2323"]
[BlackElo "2184"]

1. e4 c5 2. Nf3 Nc6 3. Bb5 d6 4. Bxc6+ bxc6 5. e5 Bg4 6. Qe2 d5 7. d3 e6 8. Nbd2
Ne7 9. h3 Bxf3 10. Nxf3 Nf5 11. O-O h5 12. Bg5 Be7 13. Bxe7 Qxe7 14. Qd2 Rh6 15.
c3 Rb8 16. Rab1 Rg6 17. Qf4 Kf8 18. b4 Rb6 19. a4 Kg8 20. b5 Qb7 21. c4 dxc4 22.
dxc4 cxb5 23. cxb5 Nd4 24. Kh2 Nxf3+ 25. Qxf3 Qxf3 26. gxf3 Rg5 27. Rfe1 Rf5 28.
Kg3 f6 29. Rbc1 fxe5 30. Rxc5 h4+ 31. Kg2 Rg5+ 32. Kf1 Rf5 33. Re3 Rb7 34. Rcxe5
Kf7 35. Rxf5+ exf5 36. Re5 Kf6 37. Rc5 Re7 38. f4 Kg6 39. Rc4 Kh5 40. a5 Rb7 41.
Rb4 g5 42. fxg5 Kxg5 43. b6 axb6 44. axb6 Kg6 45. Kg2 Kf7 46. Kf3 Kg6 47. Ke3
Kg5 48. Rb5 Kf6 49. Kd4 Ke6 50. Kc5 Kd7 51. Rb4 Kc8 52. Rxh4 Rf7 53. Kc6 Rf6+
54. Kb5 Rg6 55. Rh8+ Kb7 56. Rh7+ Kc8 57. Ka6 Re6 58. Ka7 1-0

[Event "DRUZYNOWE MISTRZOSTWA POLSKI - II LIGA 2018"]
[Site "Jastrzebia Gora"]
[Date "1899-12-30"]
[Round "7.5"]
[White "Wacior, Maciej"]
[Black "Jedryczka, Krystian"]
[Result "1/2-1/2"]
[WhiteTitle "k"]
[BlackTitle "m"]
[WhiteElo "2099"]
[BlackElo "2201"]

1. d4 f5 2. Bf4 Nf6 3. e3 g6 4. h4 h6 5. Nf3 d6 6. Bd3 Bg7 7. c3 Nc6 8. Qc2 O-O
9. Nbd2 Qe8 10. O-O-O e5 11. Bc4+ Kh7 12. Bg3 Nh5 13. Bh2 Qe7 14. d5 Nb8 15. Be2
Nd7 16. Ne1 Ndf6 17. c4 c6 18. dxc6 bxc6 19. Nd3 c5 20. Nb1 Bb7 21. Ne1 Ng4 22.
Bg1 e4 23. Nc3 Nhf6 24. Qd2 Rfd8 25. f3 Ne5 26. Bh2 d5 27. cxd5 Nxd5 28. Nxd5
Bxd5 29. Qa5 Nc6 30. Qa3 Nb4 31. Nc2 Nxa2+ 32. Kb1 Nb4 33. h5 g5 34. Nxb4 cxb4
35. Qa6 Be6 36. fxe4 fxe4 37. Rhf1 Rxd1+ 38. Bxd1 Rd8 39. Bc2 Bd5 40. Qb5 b3 41.
Bxb3 Bxb3 42. Qxb3 Rd2 43. Rf7 Rxb2+ 44. Qxb2 Qxf7 45. Be5 Qf1+ 46. Ka2 Qc4+ 47.
Kb1 Qf1+ 48. Ka2 Bxe5 49. Qxe5 Qxg2+ 50. Ka3 Qf3 51. Qe7+ Kg8 52. Qe6+ Qf7 53.
Qxe4 Qxh5 54. Qa8+ Kg7 55. Qxa7+ Qf7 56. Qd4+ Qf6 57. Qd7+ Kf8 58. Qc8+ Kf7 59.
Qc4+ Qe6 60. Qd3 g4 61. Qh7+ Ke8 62. Kb2 Qf6+ 63. Kc1 Qg5 64. Qh8+ Kf7 65. Qh7+
Kf6 66. Kd2 g3 67. Qh8+ Kf5 68. Qc8+ Ke4 69. Qc4+ Kf5 1/2-1/2

[Event "DRUZYNOWE MISTRZOSTWA POLSKI - II LIGA 2018"]
[Site "Jastrzebia Gora"]
[Date "1899-12-30"]
[Round "7.6"]
[White "Kantane, Anna"]
[Black "Gosciniak, Maria"]
[Result "1/2-1/2"]
[WhiteTitle "WIM"]
[BlackTitle "WFM"]
[WhiteElo "2247"]
[BlackElo "2093"]

1. e4 Nf6 2. e5 Nd5 3. d4 d6 4. c4 Nb6 5. exd6 exd6 6. Nc3 Be7 7. h3 O-O 8. Nf3
Bf6 9. Be2 Re8 10. O-O Nc6 11. Bf4 Bf5 12. Rc1 h6 13. b3 Ne7 14. Qd2 Ng6 15. Bg3
c6 16. Rfd1 Re7 17. Bf1 Qd7 18. c5 dxc5 19. dxc5 Qxd2 20. Rxd2 Bxc3 21. Rxc3 Nd5
22. Rc4 Nf8 23. Bd6 Ree8 24. g4 Bg6 25. Ne5 Ne6 26. Nxg6 fxg6 27. Bg2 Nf6 28.
Rb4 Rad8 29. Re2 Rd7 30. f4 Nc7 31. Rxe8+ Ncxe8 32. Bb8 a6 33. Be5 Nd5 34. Bxd5+
cxd5 35. Kf2 Kf7 36. Ke3 Nf6 37. Kd4 Ne4 38. Rb6 Nf2 39. f5 gxf5 40. gxf5 Nxh3
41. Rg6 Kf8 42. f6 gxf6 43. Rxf6+ Rf7 44. Rxh6 Ng5 45. Kxd5 Ke8 46. Rh8+ Rf8 47.
Rxf8+ Kxf8 48. Bf6 Nf7 49. c6 bxc6+ 50. Kxc6 Ke8 51. b4 Nh6 52. a4 Ng4 53. Bd4
Kd8 54. Kb7 Nh6 55. b5 axb5 56. a5 Nf7 57. a6 Nd6+ 58. Kb8 Nc8 59. Bc3 Kd7 60.
Bb4 Kc6 61. Ba5 Kd7 62. Kb7 Nd6+ 63. Kb6 Nc4+ 64. Kxb5 Kc8 65. Kxc4 Kb8 1/2-1/2

[Event "DRUZYNOWE MISTRZOSTWA POLSKI - II LIGA 2018"]
[Site "Jastrzebia Gora"]
[Date "1899-12-30"]
[Round "7.7"]
[White "Golubka, Petro"]
[Black "Walter, Szymon"]
[Result "1/2-1/2"]
[WhiteTitle "IM"]
[BlackTitle "k+"]
[WhiteElo "2457"]
[BlackElo "2307"]

1. e4 c5 2. Nf3 d6 3. d4 cxd4 4. Nxd4 Nf6 5. Nc3 a6 6. Be2 e5 7. Nb3 Be6 8. f4
exf4 9. Bxf4 Nc6 10. Qd2 Be7 11. O-O-O Ne5 12. Nd4 Rc8 13. Nf5 Bxf5 14. exf5 b5
15. Bxe5 dxe5 16. Qxd8+ Rxd8 17. Rxd8+ Kxd8 18. Rd1+ Kc7 19. Bf3 Rd8 20. Nd5+
Nxd5 21. Rxd5 f6 22. Rxd8 Bxd8 23. Be4 Kd6 24. Kd2 Bb6 25. b4 a5 26. a3 axb4 27.
axb4 Ba7 28. c3 Bb6 29. h3 Ba7 30. Kd3 Bb6 31. c4 1/2-1/2

[Event "DRUZYNOWE MISTRZOSTWA POLSKI - II LIGA 2018"]
[Site "Jastrzebia Gora"]
[Date "1899-12-30"]
[Round "7.8"]
[White "Szostko, Jakub"]
[Black "Barski, Radoslaw"]
[Result "0-1"]
[WhiteTitle "FM"]
[BlackTitle "IM"]
[WhiteElo "2299"]
[BlackElo "2447"]

1. e4 e5 2. Nf3 Nc6 3. Bc4 Bc5 4. O-O Nf6 5. d3 d6 6. c3 a6 7. a4 Ba7 8. Re1 O-O
9. h3 b5 10. Bb3 h6 11. Nbd2 b4 12. a5 Rb8 13. Nc4 Be6 14. Ba4 Bxc4 15. Bxc6 Bb5
16. Bxb5 Rxb5 17. Bd2 bxc3 18. bxc3 Qd7 19. Qc2 Rfb8 20. Ra2 Qc6 21. c4 R5b7 22.
Bc3 Nd7 23. Rb2 Rxb2 24. Bxb2 Qb7 25. Bc3 Qb3 26. Qd2 Bc5 27. Nh4 g6 28. Rc1 Kh7
29. d4 exd4 30. Qf4 Qxc4 31. Bd2 Qe6 32. Qxh6+ Kg8 33. Nf3 Qf6 34. Ng5 Qg7 35.
Qh4 Rb2 36. Nf3 Qf6 37. Bg5 Qe6 38. Bd8 d3 39. Qh6 Bxf2+ 40. Kh1 Rc2 41. Rd1 Qxe4
42. Rb1 Be3 43. Bg5 Bxg5 44. Qxg5 Kg7 45. Qd8 d2 46. Rg1 Rc1 47. Nxd2 Rxg1+ 48.
Kxg1 Qe3+ 49. Kh1 Qxd2 50. Qxd7 Qxa5 0-1

[Event "DRUZYNOWE MISTRZOSTWA POLSKI - II LIGA 2018"]
[Site "Jastrzebia Gora"]
[Date "1899-12-30"]
[Round "7.9"]
[White "Kyc, Jerzy"]
[Black "Dzierzak, Radoslaw"]
[Result "0-1"]
[WhiteTitle "k"]
[BlackTitle "I++"]
[WhiteElo "2313"]
[BlackElo "2282"]

1. e4 c6 2. d4 d5 3. Nd2 dxe4 4. Nxe4 Bf5 5. Ng3 Bg6 6. Nf3 Nd7 7. Bd3 e6 8. O-O
Ngf6 9. Re1 Bxd3 10. Qxd3 Be7 11. c4 O-O 12. b3 Re8 13. Bb2 a5 14. Qc2 a4 15.
Bc3 Qc7 16. Rad1 axb3 17. axb3 Ra3 18. Bb2 Ra5 19. Ne5 Rea8 20. f4 g6 21. h3 Ra2
22. Ra1 Rxa1 23. Bxa1 Ra3 24. Bc3 Qb6 25. Rb1 c5 26. dxc5 Nxc5 27. Bd4 Rxb3 28.
Rb2 Rxb2 29. Qxb2 Qxb2 30. Bxb2 Nfe4 31. Nxe4 Nxe4 32. Kf1 f6 33. Nd7 Kf7 34.
Ke2 Nc5 35. Nxc5 Bxc5 36. g4 f5 37. gxf5 exf5 38. Kf3 Ke6 39. Bc3 Kd6 40. Ke2
Kc6 41. Kf3 Kb6 42. Ke2 Bd6 43. Bd2 Kc5 44. Kd3 Bc7 45. Be3+ Kd6 46. Bd4 Ke6 47.
Ke3 Bd6 48. Kf3 Ba3 49. Be3 Bb2 50. Ke2 Bf6 51. Bf2 h6 52. Kf3 g5 53. fxg5 hxg5
54. Bb6 Bb2 55. Be3 Bf6 56. Bc5 Kd7 57. Be3 Kd6 58. Bf2 Ke5 59. Bb6 Be7 60. Ba7
Ba3 61. Bf2 Bc1 62. Bb6 Bd2 63. Bf2 Ba5 64. Bg1 Bd2 65. Bb6 Bc1 66. Ba7 Ba3 67.
Bb6 Be7 68. Bf2 Bd6 69. Bb6 Kf6 70. Bf2 Kg6 71. Bd4 Bc7 72. Bc5 Kh5 73. Be7 g4+
74. hxg4+ fxg4+ 75. Ke4 g3 76. Kf3 Kg6 77. Bc5 Kf5 78. Bd4 Kg5 79. Be3+ Kh4 80.
Kg2 Kg4 81. Bd2 Be5 82. Be3 Bc3 83. Bc1 Bd4 84. Bd2 Bf2 85. Bh6 Be1 86. Bc1 Kf5
87. Kf3 Ke5 88. Bb2+ Kd6 89. Ba3+ Kc6 90. Be7 Kb6 91. Bf8 Ka5 92. Ke2 Bf2 93.
Be7 Ka4 94. Bh4 Kb3 95. Kd3 Be1 96. Bd8 Bf2 97. Bh4 b6 0-1

[Event "DRUZYNOWE MISTRZOSTWA POLSKI - II LIGA 2018"]
[Site "Jastrzebia Gora"]
[Date "1899-12-30"]
[Round "7.10"]
[White "Zochowski, Kacper"]
[Black "Marszalek, Maciej"]
[Result "1/2-1/2"]
[WhiteTitle "k"]
[BlackTitle "m"]
[WhiteElo "2269"]
[BlackElo "2272"]

1. Nf3 Nf6 2. c4 c6 3. Nc3 d5 4. e3 g6 5. b3 Bg7 6. Bb2 O-O 7. Be2 Bg4 8. O-O Ne4
9. cxd5 cxd5 10. h3 Bxf3 11. Bxf3 Nc6 12. d4 Nxc3 13. Bxc3 e6 14. Qd2 Qd7 15.
Rfc1 Rfc8 16. Be2 Bf8 17. Bb5 a6 18. Bxc6 Rxc6 19. Bb2 Rac8 20. Rxc6 Rxc6 21.
Rc1 Qc7 22. Rxc6 Qxc6 23. Qc3 Qxc3 24. Bxc3 Bd6 25. Kf1 Kf8 26. Ke2 Ke7 27. Kd3
Kd7 28. Bd2 Be7 29. Bc3 Bd6 30. Bd2 Be7 31. Bc3 1/2-1/2

[Event "DRUZYNOWE MISTRZOSTWA POLSKI - II LIGA 2018"]
[Site "Jastrzebia Gora"]
[Date "1899-12-30"]
[Round "7.11"]
[White "Popiol, Michal"]
[Black "Zaleski, Lukasz"]
[Result "1/2-1/2"]
[WhiteTitle "k+"]
[BlackTitle "k"]
[WhiteElo "2182"]
[BlackElo "2134"]

1. Nf3 Nf6 2. c4 e6 3. g3 b6 4. Bg2 Bb7 5. O-O c5 6. Nc3 Be7 7. d4 cxd4 8. Qxd4
Nc6 9. Qf4 O-O 10. e4 d6 11. Rd1 Qb8 12. b3 Ne5 13. Bb2 a6 14. Qe3 Nxf3+ 15. Bxf3
Qc7 16. Na4 Nd7 17. e5 Bxf3 18. exd6 Bxd6 19. Qxf3 Nc5 20. Nxc5 Qxc5 21. a4 Qc7
22. Qg4 Be5 23. Bxe5 Qxe5 24. Qd4 Qb8 25. b4 Rd8 26. Qc3 a5 27. Rdb1 Qc7 28. bxa5
Rxa5 29. Qb4 Ra6 30. Rd1 Rda8 1/2-1/2

[Event "DRUZYNOWE MISTRZOSTWA POLSKI - II LIGA 2018"]
[Site "Jastrzebia Gora"]
[Date "1899-12-30"]
[Round "7.12"]
[White "Binkowska, Agata"]
[Black "Dziodzio, Angelika"]
[Result "1-0"]
[WhiteTitle "I++"]
[BlackTitle "WFM"]
[WhiteElo "1890"]
[BlackElo "2149"]

1. e4 d6 2. d4 Nf6 3. Nc3 g6 4. f4 c6 5. Nf3 Bg7 6. Be3 O-O 7. Qd2 b5 8. Bd3 b4
9. Ne2 a5 10. h3 Qc7 11. g4 Nbd7 12. Ng3 c5 13. g5 Ne8 14. c3 Bb7 15. h4 f5 16.
h5 c4 17. Bc2 bxc3 18. bxc3 e6 19. Nh4 gxh5 20. Qe2 Nb6 21. Qxh5 Qf7 22. g6 hxg6
23. Nxg6 Nf6 24. Qg5 Nh7 25. Ne7+ Kh8 26. Kd2 Bf6 27. Ng6+ Kg8 28. Qh5 Rfc8 29.
Rag1 Nf8 30. Nxf5 1-0

[Event "DRUZYNOWE MISTRZOSTWA POLSKI - II LIGA 2018"]
[Site "Jastrzebia Gora"]
[Date "1899-12-30"]
[Round "7.13"]
[White "Stachowiak, Kamil"]
[Black "Kumala, Aleksander"]
[Result "1-0"]
[WhiteTitle "IM"]
[BlackTitle "k"]
[WhiteElo "2433"]
[BlackElo "2197"]

1. Nf3 f5 2. d4 Nf6 3. g3 g6 4. Bg2 Bg7 5. c4 O-O 6. O-O d6 7. Nc3 Qe8 8. d5 Na6
9. Rb1 Nc5 10. Be3 Nfe4 11. Nxe4 Nxe4 12. Bd4 c5 13. Bxg7 Kxg7 14. Nd2 Nxd2 15.
Qxd2 b5 16. b4 cxb4 17. cxb5 Qxb5 18. Rxb4 Qd7 19. Rc1 Ba6 20. Rc6 Bc8 21. Qc3+
Kg8 22. Rc7 Qe8 23. Qe3 a5 24. Rb6 Bd7 25. Rbb7 Rd8 26. Rxd7 Rxd7 27. Qe6+ 1-0

[Event "DRUZYNOWE MISTRZOSTWA POLSKI - II LIGA 2018"]
[Site "Jastrzebia Gora"]
[Date "1899-12-30"]
[Round "7.14"]
[White "Kasperek, Ryszard"]
[Black "Piotrowski, Przemyslaw"]
[Result "1-0"]
[WhiteTitle "m"]
[BlackTitle "k+"]
[WhiteElo "2172"]
[BlackElo "2306"]

1. e4 c5 2. Nf3 Nc6 3. Bb5 g6 4. O-O Bg7 5. Re1 e5 6. b4 cxb4 7. a3 Nge7 8. axb4
O-O 9. Bxc6 Nxc6 10. b5 Nd4 11. Nxd4 exd4 12. Bb2 d5 13. e5 Qb6 14. Qf3 Bf5 15.
Qxd5 Rfd8 16. Qb3 Rac8 17. c4 Qc7 18. d3 Bxe5 19. Nd2 Bxh2+ 20. Kh1 Bf4 21. Nf3
Bg4 22. Re4 Bxf3 23. gxf3 Be5 24. Rxa7 f5 25. c5+ Kh8 26. Rxe5 Qxe5 27. Rxb7 Rc7
28. Rxc7 Qxc7 29. Qe6 Kg7 30. c6 Kh6 31. Bc1+ Kh5 32. b6 Qxb6 33. Qe7 h6 34. Qg7
g5 35. Qf7+ Kh4 36. Qxf5 Kh5 37. Qf7+ Kh4 38. Qg6 Rh8 39. Bf4 h5 40. Qxg5+ 1-0

[Event "DRUZYNOWE MISTRZOSTWA POLSKI - II LIGA 2018"]
[Site "Jastrzebia Gora"]
[Date "1899-12-30"]
[Round "7.15"]
[White "Fudalej, Michal"]
[Black "Cajbel, Maciej"]
[Result "1/2-1/2"]
[WhiteTitle "FM"]
[BlackTitle "k"]
[WhiteElo "2209"]
[BlackElo "2187"]

1. d4 g6 2. Nf3 Bg7 3. e4 c5 4. dxc5 Qa5+ 5. c3 Qxc5 6. Be3 Qc7 7. Na3 Nc6 8. Qd2
Nf6 9. Bd3 O-O 10. Bh6 d6 11. Bxg7 Kxg7 12. O-O Ne5 13. Nxe5 dxe5 14. Rfd1 Be6
15. Qe3 a6 16. Bc2 Rfd8 17. Bb3 Bxb3 18. axb3 Rxd1+ 19. Rxd1 Rd8 20. Re1 b5 21.
f3 Qd6 22. Kf2 Nd7 23. b4 Nb6 24. Re2 f6 25. Rc2 Nc4 26. Nxc4 bxc4 27. Qe2 Qb6+
28. Qe3 Qd6 29. Qe2 Qb6+ 30. Qe3 Qd6 31. Qe2 1/2-1/2